000 00670nam a2200217Ii 4500
003 JO-AjNU
008 230605s9999||||xx |||||||||||||| ||und||
017 _a1985/7048
020 _a977-10-0161-2
040 _aJO-AjNU
_bara
_erda
_cJO-AjNU
041 _aara
050 1 4 _aPJ7561.D8248 1985
100 3 _aدعيبس، سعد,
_eauthor
_937658
245 0 0 _aحوار مع قضايا الشعر المعاصر
264 3 1 _aالقاهرة:دار الفكر،1985
300 _a190ص
336 _atext
_btxt
_2rdacontent
337 _aunmediated
_bn
_2rdamedia
338 _avolume
_bnc
_2rdacarrier
650 4 _a الشعر العربي-تاريخ ونقد
_937659
999 _aA15755
_c19323
_d19323